000
00274nam a22001217a 4500
008
180308b xxu||||| |||| 00| 0 eng d
041
_a
eng
080
_2
3 ED
_a
620
100
_a
27
101
_a
MEC
245
_a
PRINCIPLES FARM MACHINERY
_c
KEPNER3R.A
942
_2
udc
_c
BK
999
_c
44519
_d
44519